000 00603nam a2200241Ia 4500
003 OSt
005 20220918192556.0
006 a|||||r|||| 00| 0
007 ta
008 220917b |||||||| |||| 00| 0 eng d
024 _a69,122
037 _cTextual
040 _aARTS
_cARTS
_beng
041 _2eng
_aeng
082 _aR3,(Q), M4
100 _aKanal S P
245 0 _aPhilosophy of religion
260 _aNew Delhi
_bSterling India
_c1984
300 _axiii,480p.
_ccm.
650 _aPHILOSOPHY
942 _hR3,(Q), M4
_cTEXL
_2CC
999 _c195285
_d195285